[Event "Mittelfrank Regionalliga Sud-Ost 2122"]
[Site "Mittelfranken"]
[Date "2021.11.14"]
[Round "2.8"]
[White "Barone, Giacomo"]
[Black "Bilyavskyy, Borys"]
[Result "1/2-1/2"]
[WhiteElo "1235"]
[BlackElo "1722"]
[PlyCount "41"]
[EventDate "2021.10.24"]
[EventType "team-tourn"]
[EventRounds "9"]
[EventCountry "GER"]
[SourceTitle "EXT 2024"]
[Source "ChessBase"]
[SourceDate "2023.10.10"]
[SourceVersion "1"]
[SourceVersionDate "2023.10.10"]
[SourceQuality "1"]
[WhiteTeam "Landau Dingolfing"]
[BlackTeam "Ergolding"]
[WhiteTeamCountry "GER"]
[BlackTeamCountry "GER"]

1. e4 e5 2. Nf3 Nc6 3. d4 exd4 4. Nxd4 d6 5. c4 Nf6 6. Nc3 Be7 7. Be2 0-0 8. 0-0 Bd7 9. Be3 Qc8 10. Nd5 Nxd5 11. exd5 Ne5 12. Nf3 f6 13. b3 Qe8 14. Nxe5 fxe5 15. Bg4 Bf6 16. Rb1 b6 17. f4 exf4 18. Bxf4 Qc8 19. Bxd7 Qxd7 20. Qd2 Rae8 21. Rbe1 1/2-1/2

[Event "Niederbayern-ch Seniors"]
[Site "Vilshofen"]
[Date "2017.04.??"]
[Round "2"]
[White "Bilyavskyy, Borys"]
[Black "Beutel, Hubert"]
[Result "1/2-1/2"]
[WhiteElo "1800"]
[BlackElo "1716"]
[PlyCount "118"]
[EventDate "2017.04.20"]
[EventType "tourn"]
[EventRounds "7"]
[EventCountry "GER"]
[SourceTitle "EXT 2023"]
[Source "ChessBase"]
[SourceDate "2022.10.05"]
[SourceVersion "1"]
[SourceVersionDate "2022.10.05"]
[SourceQuality "1"]

1. e4 d5 2. exd5 Qxd5 3. Nc3 Qa5 4. d4 c6 5. Nf3 Nf6 6. Bd3 Bg4 7. h3 Bh5 8. a3 e6 9. Bd2 Qc7 10. 0-0 Nbd7 11. Re1 Bd6 12. b4 0-0 13. g4 Bg6 14. Bxg6 hxg6 15. Qe2 Rfe8 16. Ne5 Rad8 17. Rad1 b6 18. Bg5 Rc8 19. Bh4 Qb7 20. Bg3 Bf8 21. Qf3 Nxe5 22. dxe5 Nd5 23. Ne4 b5 24. c3 c5 25. Rc1 a6 26. Qe2 Red8 27. Kh2 Rd7 28. Kg1 Rcd8 29. bxc5 Rc7 30. c4 bxc4 31. Rxc4 Rb8 32. Rec1 Qb2 33. Qxb2 Rxb2 34. Nd6 Rb3 35. a4 Be7 36. Kg2 g5 37. Ne4 Rb2 38. R1c2 Rb3 39. Nd6 Rc6 40. Nb7 Rc7 41. Na5 Rb1 42. c6 Bb4 43. Nb7 Ra1 44. Nd6 Kf8 45. h4 Rxa4 46. hxg5 g6 47. Ne4 Rc8 48. Nd6 Rc7 49. Ne4 a5 50. Nc5 Bxc5 51. Rxa4 Bb4 52. Ra1 Bc3 53. Ra3 Rxc6 54. Rxa5 Rc7 55. Ra8+ Ke7 56. Raa2 Bd4 57. Rd2 Bc3 58. Rd3 Rb7 59. Kf3 Rc7 1/2-1/2

[Event "Niederbayern-ch Seniors"]
[Site "Vilshofen"]
[Date "2017.04.??"]
[Round "7"]
[White "Bilyavskyy, Borys"]
[Black "Olejnik, Michael"]
[Result "1-0"]
[WhiteElo "1800"]
[BlackElo "1410"]
[PlyCount "93"]
[EventDate "2017.04.20"]
[EventType "tourn"]
[EventRounds "7"]
[EventCountry "GER"]
[SourceTitle "EXT 2023"]
[Source "ChessBase"]
[SourceDate "2022.10.05"]
[SourceVersion "1"]
[SourceVersionDate "2022.10.05"]
[SourceQuality "1"]

1. e4 e5 2. Nf3 Nc6 3. Bc4 h6 4. 0-0 Nf6 5. Nc3 d6 6. d4 exd4 7. Nxd4 Bd7 8. h3 Be7 9. Be3 a6 10. a4 0-0 11. f4 Nxd4 12. Bxd4 Be6 13. Bd3 c5 14. Be3 Qb6 15. b3 Qb4 16. Qd2 Nh5 17. Nd5 Bxd5 18. exd5 Qxd2 19. Bxd2 a5 20. Rae1 Rfe8 21. Kh2 Kf8 22. g4 Nf6 23. c4 b6 24. Kg3 Kg8 25. h4 Bf8 26. Bc3 Rxe1 27. Rxe1 Re8 28. Rxe8 Nxe8 29. g5 g6 30. f5 gxf5 31. Bxf5 hxg5 32. hxg5 Bg7 33. Bd2 Be5+ 34. Kg4 Kg7 35. Bd7 Kf8 36. Bxe8 Kxe8 37. Bf4 Bxf4 38. Kxf4 Kd7 39. Ke4 Ke8 40. Kf4 Kd7 41. Kf5 Ke7 42. g6 fxg6+ 43. Kxg6 Ke8 44. Kf6 Kd7 45. Kf7 Kd8 46. Ke6 Kc7 47. Ke7 1-0

[Event "Niederbayern-ch Seniors"]
[Site "Vilshofen"]
[Date "2017.04.??"]
[Round "1"]
[White "Pilz, Erhard"]
[Black "Bilyavskyy, Borys"]
[Result "1/2-1/2"]
[WhiteElo "1437"]
[BlackElo "1800"]
[PlyCount "107"]
[EventDate "2017.04.20"]
[EventType "tourn"]
[EventRounds "7"]
[EventCountry "GER"]
[SourceTitle "EXT 2023"]
[Source "ChessBase"]
[SourceDate "2022.10.05"]
[SourceVersion "1"]
[SourceVersionDate "2022.10.05"]
[SourceQuality "1"]

1. e4 d6 2. Nf3 Nf6 3. Nc3 g6 4. d4 Bg7 5. Be2 0-0 6. h3 Nc6 7. Be3 a6 8. a3 Re8 9. Qd2 b5 10. b4 Bb7 11. 0-0 e5 12. d5 Ne7 13. Rad1 Nd7 14. Bh6 Bh8 15. Ng5 Bg7 16. Bxg7 Kxg7 17. f4 h6 18. Nf3 f6 19. Nh2 Ng8 20. f5 g5 21. Bh5 Re7 22. Rf3 Kf8 23. Rg3 Rg7 24. Qf2 Qb8 25. Nf1 Qa7 26. Ne3 Qb6 27. h4 a5 28. hxg5 hxg5 29. Be2 axb4 30. axb4 Ba6 31. Ra1 Rb8 32. Rd1 Ke7 33. Rh3 Nf8 34. g4 Re8 35. Kg2 Kd7 36. Qf1 Rb8 37. Na2 c6 38. dxc6+ Qxc6 39. Rd5 Ne7 40. Rd2 Qxe4+ 41. Qf3 Qxf3+ 42. Kxf3 Rc8 43. c3 Rh7 44. Kg3 Rxh3+ 45. Kxh3 Nh7 46. Nd5 Nxd5 47. Rxd5 Rb8 48. Nc1 Nf8 49. Nb3 Ke7 50. Na5 Rb6 51. Bf3 Nd7 52. Rd1 Kd8 53. Nc6+ Kc7 54. Na5 1/2-1/2

[Event "Niederbayernliga 1516"]
[Site "Bayern"]
[Date "2016.01.17"]
[Round "5.5"]
[White "Bittner, Rudolf Jr"]
[Black "Bilyavskyy, Borys"]
[Result "1/2-1/2"]
[WhiteElo "1981"]
[BlackElo "1814"]
[PlyCount "82"]
[EventDate "2015.10.11"]
[EventType "team-tourn"]
[EventRounds "9"]
[EventCountry "GER"]
[SourceTitle "EXT 2023"]
[Source "ChessBase"]
[SourceDate "2022.10.05"]
[SourceVersion "1"]
[SourceVersionDate "2022.10.05"]
[SourceQuality "1"]
[WhiteTeam "Passau II"]
[BlackTeam "Ergolding"]
[WhiteTeamCountry "GER"]
[BlackTeamCountry "GER"]

1. e4 c5 2. Nf3 d6 3. d4 cxd4 4. c3 d3 5. Bxd3 Nf6 6. h3 Nc6 7. Be3 Bd7 8. Na3 g6 9. Qd2 Bg7 10. 0-0 0-0 11. Rfe1 Qa5 12. Bg5 Be6 13. Nc4 Qc7 14. Rac1 Nd7 15. Ne3 f6 16. Bf4 Nde5 17. Bxe5 dxe5 18. b3 Rfd8 19. Qe2 Bh6 20. Rcd1 Bf7 21. Nd5 Qa5 22. b4 Qa3 23. Nc7 Rac8 24. Nd5 Bf8 25. Rb1 a6 26. Rb3 Qa4 27. Nb6 Bxb3 28. Nxa4 Bxa4 29. a3 Na7 30. c4 Be8 31. c5 Nb5 32. Bxb5 Bxb5 33. Qa2+ Kg7 34. a4 Be8 35. Qc2 e6 36. Rd1 Be7 37. Rxd8 Rxd8 38. Qb3 Kf7 39. a5 Bc6 40. Qc2 Bb5 41. Nd2 Rd4 1/2-1/2

[Event "Niederbayernliga 1516"]
[Site "Bayern"]
[Date "2015.11.15"]
[Round "3.5"]
[White "Siebert, Joachim"]
[Black "Bilyavskyy, Borys"]
[Result "0-1"]
[WhiteElo "1920"]
[BlackElo "1814"]
[PlyCount "122"]
[EventDate "2015.10.11"]
[EventType "team-tourn"]
[EventRounds "9"]
[EventCountry "GER"]
[SourceTitle "EXT 2023"]
[Source "ChessBase"]
[SourceDate "2022.10.05"]
[SourceVersion "1"]
[SourceVersionDate "2022.10.05"]
[SourceQuality "1"]
[WhiteTeam "Landshut"]
[BlackTeam "Ergolding"]
[WhiteTeamCountry "GER"]
[BlackTeamCountry "GER"]

1. d4 f5 2. e4 fxe4 3. Nc3 Nf6 4. g4 d5 5. g5 Ng8 6. f3 Bf5 7. fxe4 dxe4 8. Be3 e6 9. Bg2 Bb4 10. Nge2 Ne7 11. 0-0 0-0 12. Nxe4 Nd5 13. Bd2 Be7 14. N2g3 c6 15. Qe2 Na6 16. Kh1 Qd7 17. c3 Kh8 18. Rae1 Bg6 19. Nf2 Nac7 20. Ng4 Bd6 21. Ne5 Bxe5 22. Qxe5 Bd3 23. Rxf8+ Rxf8 24. Ne4 Bxe4 25. Bxe4 Qf7 26. g6 Qf2 27. Qh5 h6 28. Qe2 Qxe2 29. Rxe2 Rf6 30. Be1 Nf4 31. Rf2 Ncd5 32. Bd2 Nh5 33. Rxf6 Nhxf6 34. Bd3 Ne7 35. Bf4 Kg8 36. Be5 Ng4 37. Bg3 Kf8 38. h3 Ne3 39. Bd6 Ke8 40. Be5 N3f5 41. h4 Nxg6 42. Bxf5 Nxe5 43. Bxe6 Nd3 44. b3 Ke7 45. Bc4 Nf2+ 46. Kg2 Ne4 47. d5 b5 48. Bd3 Nxc3 49. dxc6 Kd6 50. h5 Kxc6 51. a3 Kd5 52. Kf3 Ke5 53. Bg6 a5 54. Be8 b4 55. axb4 axb4 56. Kg4 Nd5 57. Bf7 Nf6+ 58. Kh4 Kf4 59. Bc4 Ne4 60. Bd5 Nd2 61. Bf7 Nf3+ 0-1

[Event "Niederbayern-ch Seniors"]
[Site "Regen"]
[Date "2015.06.20"]
[Round "6"]
[White "Schubert, Heinz"]
[Black "Bilyavskyy, Borys"]
[Result "0-1"]
[WhiteElo "1442"]
[BlackElo "1807"]
[PlyCount "86"]
[EventDate "2015.06.18"]
[EventType "tourn"]
[EventRounds "7"]
[EventCountry "GER"]
[SourceTitle "EXT 2023"]
[Source "ChessBase"]
[SourceDate "2022.10.05"]
[SourceVersion "1"]
[SourceVersionDate "2022.10.05"]
[SourceQuality "1"]

1. e4 g6 2. d4 Bg7 3. c3 d6 4. Nf3 Nf6 5. e5 dxe5 6. Nxe5 0-0 7. Bc4 Nd5 8. Qb3 e6 9. Nf3 c6 10. 0-0 b5 11. Bxd5 exd5 12. a4 Bg4 13. Nbd2 Qa5 14. Qa3 Nd7 15. axb5 Qxb5 16. Qa6 Qb6 17. Qxb6 axb6 18. Rxa8 Rxa8 19. h3 Bf5 20. Re1 b5 21. Nb3 Bc2 22. Nfd2 Kf8 23. Kh2 Bf6 24. g3 Kg7 25. Kg2 h5 26. h4 Kf8 27. Kh2 Be7 28. Kg2 Bd6 29. f3 Kg7 30. Kf2 Bf8 31. Kg2 b4 32. Kf2 bxc3 33. bxc3 Ra2 34. Kg1 Bd6 35. f4 Nf6 36. Kf1 Ng4 37. Kg1 Kf6 38. Nc5 Bxc5 39. dxc5 Kg7 40. Kg2 Nf6 41. Kg1 Nd7 42. c4 Nxc5 43. cxd5 cxd5 0-1

[Event "Niederbayern-ch Seniors"]
[Site "Regen"]
[Date "2015.06.19"]
[Round "4"]
[White "Bilyavskyy, Borys"]
[Black "Kutschera, Gottlieb"]
[Result "1/2-1/2"]
[WhiteElo "1807"]
[BlackElo "1716"]
[PlyCount "24"]
[EventDate "2015.06.18"]
[EventType "tourn"]
[EventRounds "7"]
[EventCountry "GER"]
[SourceTitle "EXT 2023"]
[Source "ChessBase"]
[SourceDate "2022.10.05"]
[SourceVersion "1"]
[SourceVersionDate "2022.10.05"]
[SourceQuality "1"]

1. e4 c5 2. Nf3 d6 3. d4 cxd4 4. Nxd4 Nf6 5. Nc3 g6 6. Be2 Bg7 7. 0-0 0-0 8. Be3 Nc6 9. Qd2 Ng4 10. Bxg4 Bxg4 11. h3 Nxd4 12. Bxd4 Be6 1/2-1/2

[Event "Niederbayern-ch Seniors"]
[Site "Regen"]
[Date "2015.06.19"]
[Round "3"]
[White "Sagner, Guenter"]
[Black "Bilyavskyy, Borys"]
[Result "1/2-1/2"]
[WhiteElo "1751"]
[BlackElo "1807"]
[PlyCount "43"]
[EventDate "2015.06.18"]
[EventType "tourn"]
[EventRounds "7"]
[EventCountry "GER"]
[SourceTitle "EXT 2023"]
[Source "ChessBase"]
[SourceDate "2022.10.05"]
[SourceVersion "1"]
[SourceVersionDate "2022.10.05"]
[SourceQuality "1"]

1. d4 f5 2. Bf4 Nf6 3. e3 e6 4. Bc4 d5 5. Bb3 Be7 6. Nf3 Nbd7 7. 0-0 0-0 8. Nbd2 Ne4 9. c4 c6 10. cxd5 exd5 11. Nxe4 fxe4 12. Ne5 Nxe5 13. Bxe5 Bf5 14. f3 Qd7 15. fxe4 Bxe4 16. Qe2 Qe6 17. Rf4 Rxf4 18. exf4 Qg6 19. Rc1 Kh8 20. Bc2 Bxc2 21. Qxc2 Qxc2 22. Rxc2 1/2-1/2

[Event "Bayern-ch Seniors op 27th"]
[Site "Bergen"]
[Date "2015.06.15"]
[Round "1"]
[White "Bilyavskyy, Borys"]
[Black "Huetter, Heinz"]
[Result "1-0"]
[WhiteElo "1807"]
[BlackElo "1447"]
[PlyCount "83"]
[EventDate "2015.06.15"]
[EventType "swiss"]
[EventRounds "9"]
[EventCountry "GER"]
[SourceTitle "EXT 2019"]
[Source "ChessBase"]
[SourceDate "2018.10.10"]
[SourceVersion "1"]
[SourceVersionDate "2018.10.10"]
[SourceQuality "1"]

1. e4 e6 2. d4 c6 3. Nf3 d6 4. Bd3 Nd7 5. 0-0 h6 6. Be3 Ngf6 7. c4 Be7 8. Nc3 a6 9. e5 dxe5 10. dxe5 Nh7 11. Bxh7 Rxh7 12. Qc2 g6 13. Rad1 Qc7 14. Bf4 c5 15. Ne4 Kf8 16. Bg3 Kg7 17. Nd6 Rh8 18. h4 Qc6 19. Rd2 Rd8 20. Rfd1 b6 21. Nh2 Ra7 22. Ng4 h5 23. Ne3 Kf8 24. Ne4 Re8 25. f3 b5 26. b3 b4 27. Qd3 a5 28. Nc2 a4 29. Qe3 Kg7 30. Nxb4 Qb6 31. Nc2 axb3 32. axb3 Rb7 33. Rd3 Ra7 34. Nd6 Bxd6 35. Rxd6 Qc7 36. Bf4 Nf8 37. Bh6+ Kh7 38. Bg5 Kg8 39. Rd8 Rxd8 40. Rxd8 Ra8 41. Bf6 Bb7 42. Qh6 1-0

[Event "Niederbayernliga 1415"]
[Site "Bayern"]
[Date "2015.01.18"]
[Round "5.3"]
[White "Christlmaier, Martin"]
[Black "Bilyavskyy, Borys"]
[Result "1-0"]
[WhiteElo "2004"]
[BlackElo "1773"]
[PlyCount "77"]
[EventDate "2014.10.19"]
[EventType "team-tourn"]
[EventRounds "9"]
[EventCountry "GER"]
[SourceTitle "EXT 2023"]
[Source "ChessBase"]
[SourceDate "2022.10.05"]
[SourceVersion "1"]
[SourceVersionDate "2022.10.05"]
[SourceQuality "1"]
[WhiteTeam "Landau Dingolfing"]
[BlackTeam "Ergolding"]
[WhiteTeamCountry "GER"]
[BlackTeamCountry "GER"]

1. e4 c5 2. c3 d5 3. exd5 Qxd5 4. d4 cxd4 5. cxd4 Nc6 6. Nf3 Bg4 7. Nc3 Bxf3 8. gxf3 Qxd4 9. Qxd4 Nxd4 10. Nb5 Nc2+ 11. Kd1 Nxa1 12. Nc7+ Kd8 13. Nxa8 e5 14. Be3 b6 15. Nxb6 axb6 16. Bxb6+ Kd7 17. Bb5+ Ke6 18. Bc4+ Kf6 19. Kc1 Nh6 20. Kb1 Nf5 21. Kxa1 Nd6 22. Bd5 Be7 23. Rc1 Rc8 24. Kb1 Rxc1+ 25. Kxc1 Nc8 26. Be3 Bd6 27. Bb7 Ne7 28. a4 Nf5 29. Bb6 Nd4 30. a5 Nb3+ 31. Kc2 Nc5 32. a6 Nxb7 33. a7 Nc5 34. Bxc5 Bxc5 35. a8Q Bxf2 36. b4 Kg5 37. Qe4 Kf6 38. b5 g6 39. b6 1-0

[Event "Niederbayernliga 1415"]
[Site "Bayern"]
[Date "2014.12.06"]
[Round "4.3"]
[White "Bilyavskyy, Borys"]
[Black "Grimm, Markus"]
[Result "1/2-1/2"]
[WhiteElo "1773"]
[BlackElo "1830"]
[PlyCount "35"]
[EventDate "2014.10.19"]
[EventType "team-tourn"]
[EventRounds "9"]
[EventCountry "GER"]
[SourceTitle "EXT 2023"]
[Source "ChessBase"]
[SourceDate "2022.10.05"]
[SourceVersion "1"]
[SourceVersionDate "2022.10.05"]
[SourceQuality "1"]
[WhiteTeam "Ergolding"]
[BlackTeam "Straubing SC"]
[WhiteTeamCountry "GER"]
[BlackTeamCountry "GER"]

1. e4 c5 2. c3 d5 3. exd5 Qxd5 4. Nf3 Nc6 5. d4 cxd4 6. cxd4 Bg4 7. Be2 e6 8. Nc3 Qa5 9. 0-0 Nf6 10. Qb3 Qb4 11. Qxb4 Bxb4 12. Be3 0-0 13. h3 Bh5 14. g4 Bg6 15. Nh4 Rfd8 16. Nxg6 hxg6 17. Rfd1 Ba5 18. Bf3 1/2-1/2

[Event "Niederbayernliga 1314"]
[Site "Bayern"]
[Date "2014.??.??"]
[Round "8"]
[White "Griesbeck, Robert"]
[Black "Bilyavskyy, Borys"]
[Result "0-1"]
[WhiteElo "1772"]
[BlackElo "1817"]
[PlyCount "70"]
[EventDate "2013.10.13"]
[EventType "team-tourn"]
[EventRounds "9"]
[EventCountry "GER"]
[SourceTitle "EXT 2023"]
[Source "ChessBase"]
[SourceDate "2022.10.05"]
[SourceVersion "1"]
[SourceVersionDate "2022.10.05"]
[SourceQuality "1"]
[WhiteTeam "Straubing SC"]
[BlackTeam "Ergolding"]
[WhiteTeamCountry "GER"]
[BlackTeamCountry "GER"]

1. e4 g6 2. d4 Bg7 3. Nf3 d6 4. Bd3 Nf6 5. 0-0 0-0 6. c3 Bg4 7. Nbd2 Nc6 8. h3 Bd7 9. d5 Nb8 10. Re1 Nh5 11. e5 Nf4 12. Bc4 Qc8 13. Nf1 Nxg2 14. Kxg2 Bxh3+ 15. Kh2 dxe5 16. Nxe5 Qf5 17. Qe2 Bxf1 18. Qxf1 Bxe5+ 19. f4 Qh5+ 20. Kg3 Bf6 21. Re2 Bh4+ 22. Kh2 Bf2+ 23. Qh3 Qxh3+ 24. Kxh3 Bc5 25. f5 Nd7 26. Bh6 Rfd8 27. b4 Bd6 28. Rae1 a5 29. a3 axb4 30. axb4 Ra3 31. Rc2 Nb6 32. Bd3 Bxb4 33. fxg6 hxg6 34. Be4 Rxc3+ 35. Rxc3 Bxc3 0-1

[Event "Niederbayernliga 1314"]
[Site "Bayern"]
[Date "2014.??.??"]
[Round "7"]
[White "Kuespert, Erwin"]
[Black "Bilyavskyy, Borys"]
[Result "0-1"]
[WhiteElo "1764"]
[BlackElo "1817"]
[PlyCount "50"]
[EventDate "2013.10.13"]
[EventType "team-tourn"]
[EventRounds "9"]
[EventCountry "GER"]
[SourceTitle "EXT 2023"]
[Source "ChessBase"]
[SourceDate "2022.10.05"]
[SourceVersion "1"]
[SourceVersionDate "2022.10.05"]
[SourceQuality "1"]
[WhiteTeam "Schaibing"]
[BlackTeam "Ergolding"]
[WhiteTeamCountry "GER"]
[BlackTeamCountry "GER"]

1. d4 Nf6 2. Nf3 e6 3. e3 d5 4. Bd3 c5 5. b3 cxd4 6. exd4 Bd6 7. 0-0 0-0 8. Bb2 Nc6 9. a3 Ne4 10. Nbd2 f5 11. Ne5 Qf6 12. f4 Qh6 13. Bxe4 fxe4 14. Ng4 Qg6 15. Ne5 Bxe5 16. dxe5 Bd7 17. b4 Ne7 18. Qe2 Nf5 19. Rad1 a6 20. c4 Ba4 21. Rc1 e3 22. Nb1 dxc4 23. Nc3 Bc6 24. Nd1 Rad8 25. g4 Rd2 0-1

[Event "Niederbayernliga 1314"]
[Site "Bayern"]
[Date "2014.??.??"]
[Round "5"]
[White "Wolf, Gregor"]
[Black "Bilyavskyy, Borys"]
[Result "0-1"]
[WhiteElo "1761"]
[BlackElo "1817"]
[PlyCount "44"]
[EventDate "2013.10.13"]
[EventType "team-tourn"]
[EventRounds "9"]
[EventCountry "GER"]
[SourceTitle "EXT 2023"]
[Source "ChessBase"]
[SourceDate "2022.10.05"]
[SourceVersion "1"]
[SourceVersionDate "2022.10.05"]
[SourceQuality "1"]
[WhiteTeam "Grafenau"]
[BlackTeam "Ergolding"]
[WhiteTeamCountry "GER"]
[BlackTeamCountry "GER"]

1. e4 g6 2. d4 Bg7 3. Nc3 d6 4. f4 e6 5. Nf3 Ne7 6. Bd3 Nd7 7. Be3 0-0 8. Qd2 c5 9. 0-0-0 a6 10. g4 b5 11. f5 c4 12. Bf1 exf5 13. exf5 Bb7 14. Bg2 gxf5 15. h3 b4 16. Ne2 Qa5 17. Bh6 Qxa2 18. Qg5 Ng6 19. Bxg7 Kxg7 20. Nh4 Bxg2 21. Nxf5+ Kh8 22. Nf4 c3 0-1

[Event "Bayern-ch Seniors 25th"]
[Site "Bergen"]
[Date "2013.06.20"]
[Round "7.10"]
[White "Walther, Reinhard"]
[Black "Bilyavskyy, Borys"]
[Result "1/2-1/2"]
[WhiteElo "1892"]
[BlackElo "1781"]
[PlyCount "104"]
[EventDate "2013.06.15"]
[EventType "swiss"]
[EventRounds "9"]
[EventCountry "GER"]
[SourceTitle "EXT 2022"]
[Source "ChessBase"]
[SourceDate "2021.10.06"]
[SourceVersion "1"]
[SourceVersionDate "2021.10.06"]
[SourceQuality "1"]

1. d4 Nf6 2. c4 c5 3. d5 d6 4. Nc3 g6 5. e4 Bg7 6. Be2 e6 7. Bg5 h6 8. Bf4 exd5 9. cxd5 0-0 10. Qd2 Kh7 11. h4 Re8 12. f3 Nh5 13. Be3 a6 14. g4 Ng3 15. Rh2 Nxe2 16. Ngxe2 b5 17. Ng3 b4 18. Nce2 Qf6 19. Nf4 Qe7 20. 0-0-0 Nd7 21. Nd3 a5 22. h5 g5 23. Nf5 Qf8 24. Nxg7 Qxg7 25. Rf1 c4 26. Ne1 c3 27. bxc3 bxc3 28. Qd4 Ne5 29. Rff2 Ba6 30. Rhg2 f6 31. f4 Nc4 32. fxg5 fxg5 33. Qxg7+ Kxg7 34. Bd4+ Ne5 35. Rf5 Bc8 36. Bxe5+ dxe5 37. Rf3 Bd7 38. Rxc3 Rac8 39. Kd2 Rxc3 40. Kxc3 Rc8+ 41. Kd2 Rc4 42. Ke3 Rc3+ 43. Nd3 Bb5 44. Rd2 Kf7 45. Ke2 Ke7 46. Ke3 Kd6 47. Ke2 Ra3 48. Ke3 a4 49. Ke2 Bxd3+ 50. Rxd3 Rxa2+ 51. Kf3 Rb2 52. Ke3 Rh2 1/2-1/2

[Event "Bayern-ch Seniors 25th"]
[Site "Bergen"]
[Date "2013.06.17"]
[Round "3.6"]
[White "Oechslein, Rainer"]
[Black "Bilyavskyy, Borys"]
[Result "1-0"]
[WhiteElo "2182"]
[BlackElo "1781"]
[PlyCount "85"]
[EventDate "2013.06.15"]
[EventType "swiss"]
[EventRounds "9"]
[EventCountry "GER"]
[SourceTitle "EXT 2022"]
[Source "ChessBase"]
[SourceDate "2021.10.06"]
[SourceVersion "1"]
[SourceVersionDate "2021.10.06"]
[SourceQuality "1"]

1. e4 e6 2. d4 d5 3. Nc3 dxe4 4. Nxe4 Nf6 5. Nxf6+ Qxf6 6. Nf3 h6 7. Bd3 Bd6 8. Qe2 c6 9. Bd2 Nd7 10. 0-0-0 a6 11. Qe4 g6 12. Rhe1 Kf8 13. g4 g5 14. h4 Bf4 15. hxg5 Bxd2+ 16. Nxd2 hxg5 17. Rh1 Rxh1 18. Rxh1 Ke7 19. Qe3 Nb6 20. Ne4 Qf4 21. Nxg5 Qxe3+ 22. fxe3 Bd7 23. Rh7 Rf8 24. Nf3 Nd5 25. Kd2 Nf6 26. Rh4 Rg8 27. g5 Ne8 28. Rh6 Rg7 29. e4 Nd6 30. Ke3 Be8 31. e5 Nc8 32. c4 Nb6 33. b3 Nd7 34. Be4 Nf8 35. c5 Rg8 36. Kf4 Ng6+ 37. Bxg6 fxg6 38. Rh7+ Bf7 39. Nd2 Rf8 40. Ne4 Kd8 41. Ke3 Be8 42. Rxb7 Rf1 43. Nf6 1-0

[Event "Bayern-ch Seniors 25th"]
[Site "Bergen"]
[Date "2013.06.16"]
[Round "2.26"]
[White "Bilyavskyy, Borys"]
[Black "Baier, Peter"]
[Result "1-0"]
[WhiteElo "1781"]
[BlackElo "1476"]
[PlyCount "75"]
[EventDate "2013.06.15"]
[EventType "swiss"]
[EventRounds "9"]
[EventCountry "GER"]
[SourceTitle "EXT 2022"]
[Source "ChessBase"]
[SourceDate "2021.10.06"]
[SourceVersion "1"]
[SourceVersionDate "2021.10.06"]
[SourceQuality "1"]

1. e4 c5 2. Bc4 e5 3. Nf3 d6 4. d3 Be7 5. 0-0 h6 6. Nc3 Nf6 7. h3 0-0 8. Nh2 Nc6 9. a3 Nd4 10. f4 Be6 11. Nd5 Bxd5 12. exd5 a6 13. c3 Nb5 14. Qf3 Nh7 15. a4 Nc7 16. fxe5 Bg5 17. exd6 Qxd6 18. Bxg5 Nxg5 19. Qf4 Rad8 20. h4 Nh7 21. Ng4 Qxf4 22. Rxf4 Nxd5 23. Rf5 Nhf6 24. Nxf6+ Nxf6 25. Rxc5 Rd7 26. Re1 Rfd8 27. d4 Kf8 28. Kf2 Ne8 29. Re3 Nd6 30. Bd3 Ne8 31. Be2 Nf6 32. Bf3 h5 33. Bxh5 Nxh5 34. Rxh5 Kg8 35. Rhe5 g6 36. Re8+ Rxe8 37. Rxe8+ Kg7 38. g4 1-0

[Event "Bayern-ch Seniors 25th"]
[Site "Bergen"]
[Date "2013.06.15"]
[Round "1.29"]
[White "Rosmann, Armin"]
[Black "Bilyavskyy, Borys"]
[Result "1/2-1/2"]
[WhiteElo "1487"]
[BlackElo "1781"]
[PlyCount "73"]
[EventDate "2013.06.15"]
[EventType "swiss"]
[EventRounds "9"]
[EventCountry "GER"]
[SourceTitle "EXT 2022"]
[Source "ChessBase"]
[SourceDate "2021.10.06"]
[SourceVersion "1"]
[SourceVersionDate "2021.10.06"]
[SourceQuality "1"]

1. d4 Nf6 2. e3 e6 3. Bd3 d5 4. f4 c5 5. c3 Nc6 6. Nf3 Bd6 7. 0-0 0-0 8. Nbd2 Bd7 9. Ne5 cxd4 10. exd4 g6 11. Ndf3 Ne4 12. Qe1 f5 13. Nxd7 Qxd7 14. Qh4 Qg7 15. Ne5 Be7 16. Qh3 Rac8 17. Be3 a6 18. Nd7 Rfd8 19. Ne5 Na5 20. Rac1 b5 21. Rf3 Nc4 22. Nxc4 bxc4 23. Bxe4 dxe4 24. Rf2 Rb8 25. Rd2 Bf6 26. g4 Qb7 27. gxf5 exf5 28. Rg2 Qd5 29. Rd2 Qa5 30. Ra1 Qd5 31. Qf1 Rdc8 32. Qg2 a5 33. a4 Rb3 34. Qe2 Rcb8 35. Ra2 Kg7 36. Qg2 R8b7 37. Qf2 1/2-1/2

[Event "Bayern-ch Seniors 24nd"]
[Site "Bergen"]
[Date "2012.06.22"]
[Round "7"]
[White "Bilyavskyy, Borys"]
[Black "Malik, Heinz"]
[Result "1/2-1/2"]
[WhiteElo "1797"]
[BlackElo "1680"]
[PlyCount "55"]
[EventDate "2012.06.16"]
[EventType "swiss"]
[EventRounds "9"]
[EventCountry "GER"]
[SourceTitle "EXT 2015"]
[Source "ChessBase"]
[SourceDate "2014.11.20"]
[SourceVersion "1"]
[SourceVersionDate "2014.11.20"]
[SourceQuality "1"]

1. e4 c6 2. d4 d5 3. e5 Bf5 4. g4 Bg6 5. h4 h6 6. h5 Bh7 7. Bd3 Bxd3 8. Qxd3 e6 9. c3 Nd7 10. f4 c5 11. Nf3 cxd4 12. cxd4 Bb4+ 13. Nc3 Ne7 14. f5 Qc7 15. Bd2 Qc4 16. Qxc4 dxc4 17. Nh4 Nc6 18. Be3 Nb6 19. fxe6 fxe6 20. Ng6 Rg8 21. 0-0 Bxc3 22. bxc3 Nd5 23. Bd2 Nce7 24. Nxe7 Kxe7 25. g5 hxg5 26. Bxg5+ Kd7 27. Kg2 Raf8 28. Rac1 1/2-1/2

[Event "Bayern-ch Seniors 24nd"]
[Site "Bergen"]
[Date "2012.06.21"]
[Round "6"]
[White "Aigner, Georg"]
[Black "Bilyavskyy, Borys"]
[Result "1/2-1/2"]
[WhiteElo "1894"]
[BlackElo "1797"]
[PlyCount "72"]
[EventDate "2012.06.16"]
[EventType "swiss"]
[EventRounds "9"]
[EventCountry "GER"]
[SourceTitle "EXT 2015"]
[Source "ChessBase"]
[SourceDate "2014.11.20"]
[SourceVersion "1"]
[SourceVersionDate "2014.11.20"]
[SourceQuality "1"]

1. e4 g6 2. d4 Bg7 3. Nf3 d6 4. Bc4 e6 5. Be3 c6 6. Qd2 Nd7 7. Nc3 b5 8. Bd3 a6 9. Bg5 Qc7 10. 0-0 Bb7 11. Rfe1 h6 12. Be3 e5 13. d5 c5 14. Bf1 Ngf6 15. Qd3 0-0 16. Nh4 Qd8 17. g3 Bc8 18. Bg2 Nb6 19. Rad1 Bd7 20. f4 exf4 21. Bxf4 Bg4 22. Bxd6 Nc4 23. Bxf8 Nxb2 24. Qf1 Qxf8 25. Rb1 Nc4 26. Qd3 Ne5 27. Qe3 Nc4 28. Qc1 Nd7 29. h3 Bxc3 30. hxg4 Nde5 31. Re2 Nxg4 32. Qf4 Bd4+ 33. Kh1 Nge5 34. Nf3 Nxf3 35. Bxf3 Ra7 36. Rbe1 Be5 1/2-1/2